000 00581cam a22002053a 4500
001 39827
003 PGUSA
005 20140828083904.0
008 120527s2012||||xxu|||||s|||||000 | eng d
040 _aPGUSA
_beng
042 _adc
100 1 _aEmerson, Ralph Waldo,
_d1803-1882
245 1 4 _aThe Conduct of Life
_h[electronic resource] /
_cRalph Waldo Emerson
260 _bProject Gutenberg,
_c2012
506 _aPublic domain in the USA.
516 _aElectronic text
830 0 _aProject Gutenberg
_v39827
856 4 0 _uhttp://www.gutenberg.org/ebooks/39827
942 _cEB
999 _c269080
_d269080